000 00433nam a2200145 i 4500
001 61298
003 ES-MaACL
005 20230906164425.0
007 t|
008 031111s1958 sp ||||1| spa d
245 0 0 _aEstatutos de la organización provincial de inválidos civiles y del trabajo.
260 _a[S.l. :
_bs.n.,
_c1958] (
_eCastellón :
_fImp. S.O.S)
300 _a8 h. ;
_c32 cm.
852 _aES-MaACL
_j2007-F-17
_bR.42545
999 _c61298
_d61298